000 00290nam a22001337a 4500
008 180927b xxu||||| |||| 00| 0 eng d
020 _a9780321273758
041 _aeng
080 _a370
100 _a47
101 _aedu
245 _aThe Penguin Handbook
_cLester.F
942 _2udc
_cBK
999 _c48534
_d48534